[Event "Delegacio Lleida op"]
[Site "Mollerusa"]
[Date "2018.05.05"]
[Round "4"]
[White "Granados Tello, Roman"]
[Black "Querol Zamora, Ivan"]
[Result "1-0"]
[WhiteElo "1874"]
[BlackElo "1601"]
[PlyCount "103"]
[EventDate "2018.04.14"]
[EventType "swiss"]
[EventRounds "8"]
[EventCountry "ESP"]
[SourceTitle "EXT 2019"]
[Source "ChessBase"]
[SourceDate "2018.10.10"]
[SourceVersion "1"]
[SourceVersionDate "2018.10.10"]
[SourceQuality "1"]

1. d4 Nf6 2. Bf4 e6 3. e3 c5 4. c3 Nc6 5. Nd2 Qb6 6. Qb3 Qxb3 7. axb3 d5 8. Ngf3 Be7 9. h3 cxd4 10. exd4 0-0 11. Bd3 Nd7 12. 0-0 h6 13. b4 g5 14. Bh2 Kh8 15. Nb3 g4 16. hxg4 Rg8 17. g5 hxg5 18. Nc5 Nxc5 19. bxc5 f5 20. Be5+ Nxe5 21. Nxe5 Kg7 22. g3 Bf6 23. f4 Bxe5 24. dxe5 Bd7 25. Kf2 g4 26. Rh1 a6 27. Rh4 Rh8 28. Rah1 Rxh4 29. Rxh4 Rh8 30. Rxh8 Kxh8 31. Ke3 Kg8 32. Kd4 Kf8 33. c6 Bxc6 34. Kc5 Ke7 35. Bxa6 Kd7 36. Bd3 Kc7 37. Bb5 Bxb5 38. Kxb5 b6 39. Ka6 Kc6 40. b4 d4 41. b5+ Kc5 42. cxd4+ Kxd4 43. Kxb6 Ke3 44. Kc7 Kf3 45. b6 Kxg3 46. b7 Kxf4 47. b8Q Kxe5 48. Kd7+ Kf6 49. Qf4 g3 50. Qxg3 e5 51. Kd6 f4 52. Qg4 1-0

[Event "Ibiza Summer op 4th"]
[Site "Ibiza"]
[Date "2016.06.25"]
[Round "2"]
[White "Querol Zamora, Ivan"]
[Black "Bordes Guasch, Juan Roman"]
[Result "0-1"]
[WhiteElo "1323"]
[BlackElo "1826"]
[PlyCount "80"]
[EventDate "2016.06.24"]
[EventType "swiss"]
[EventRounds "6"]
[EventCountry "ESP"]
[SourceTitle "CBM 173 Extra"]
[Source "ChessBase"]
[SourceDate "2016.08.29"]
[SourceVersion "1"]
[SourceVersionDate "2016.08.29"]
[SourceQuality "1"]

1. e4 c5 2. Nc3 Nc6 3. d3 g6 4. g3 Bg7 5. Nge2 d6 6. Bg2 Nf6 7. Be3 0-0 8. Qd2 Ng4 9. Bf4 a6 10. f3 Nf6 11. Bh6 b5 12. a3 Rb8 13. Bxg7 Kxg7 14. Nd5 Nxd5 15. exd5 Ne5 16. b4 Bb7 17. c4 f6 18. Nf4 Bc8 19. Qc3 Qb6 20. Rb1 cxb4 21. axb4 Qe3+ 22. Kd1 Nxf3 23. Bxf3 Qxf3+ 24. Kd2 Qf2+ 25. Kc1 bxc4 26. dxc4 Bf5 27. Rb2 Qa7 28. Re1 Rbc8 29. Rbe2 Rf7 30. Ne6+ Bxe6 31. Rxe6 Rc7 32. Qd3 Qb7 33. Qb3 Qxd5 34. Kb2 Qd2+ 35. Ka1 Qd4+ 36. Ka2 Qxc4 37. Qxc4 Rxc4 38. Rxe7 Rc2+ 39. Ka3 Rxh2 40. R7e6 Rd2 0-1